Pokémon Platinum Pokédex - Statistics

General Stats
  • This quiz has been taken 92 times
  • The average score is 146 of 210
Answer Stats
Picture Answer % Correct
Turtwig
95%
Chimchar
90%
Piplup
90%
Abra
85%
Bidoof
85%
Infernape
85%
Kadabra
85%
Magikarp
85%
Torterra
85%
Alakazam
80%
Combee
80%
Eevee
80%
Flareon
80%
Gastly
80%
Gengar
80%
Geodude
80%
Golbat
80%
Goldeen
80%
Golem
80%
Graveler
80%
Grotle
80%
Gyarados
80%
Haunter
80%
Machamp
80%
Monferno
80%
Onix
80%
Pichu
80%
Pikachu
80%
Ponyta
80%
Psyduck
80%
Raichu
80%
Rapidash
80%
Seaking
80%
Snorlax
80%
Steelix
80%
Vaporeon
80%
Zubat
80%
Bibarel
75%
Bronzor
75%
Budew
75%
Clefairy
75%
Crobat
75%
Dialga
75%
Empoleon
75%
Espeon
75%
Feebas
75%
Glaceon
75%
Heracross
75%
Houndoom
75%
Jolteon
75%
Kirlia
75%
Leafeon
75%
Lucario
75%
Luxio
75%
Machoke
75%
Machop
75%
Magmar
75%
Mr. Mime
75%
Munchlax
75%
Nosepass
75%
Porygon
75%
Porygon-Z
75%
Ralts
75%
Riolu
75%
Rotom
75%
Shellos
75%
Starly
75%
Tentacool
75%
Tentacruel
75%
Umbreon
75%
Unown
75%
Wooper
75%
Absol
70%
Altaria
70%
Barboach
70%
Bronzong
70%
Buizel
70%
Burmy
70%
Clefable
70%
Gabite
70%
Gallade
70%
Garchomp
70%
Gardevoir
70%
Gible
70%
Golduck
70%
Hoothoot
70%
Kricketot
70%
Kricketune
70%
Lickitung
70%
Lopunny
70%
Luxray
70%
Magnemite
70%
Magneton
70%
Milotic
70%
Misdreavus
70%
Noctowl
70%
Palkia
70%
Porygon2
70%
Prinplup
70%
Scyther
70%
Shinx
70%
Silcoon
70%
Snover
70%
Spiritomb
70%
Staraptor
70%
Staravia
70%
Stunky
70%
Sudowoodo
70%
Swablu
70%
Tangela
70%
Togekiss
70%
Togepi
70%
Toxicroak
70%
Wingull
70%
Wurmple
70%
Abomasnow
65%
Aipom
65%
Ambipom
65%
Azelf
65%
Azumarill
65%
Bastiodon
65%
Beautifly
65%
Bonsly
65%
Buneary
65%
Carnivine
65%
Cascoon
65%
Chansey
65%
Chatot
65%
Cherrim
65%
Chingling
65%
Cleffa
65%
Cranidos
65%
Croagunk
65%
Drapion
65%
Drifloon
65%
Dusclops
65%
Dusknoir
65%
Duskull
65%
Dustox
65%
Floatzel
65%
Giratina
65%
Glalie
65%
Gligar
65%
Gliscor
65%
Happiny
65%
Houndour
65%
Magby
65%
Magmortar
65%
Mamoswine
65%
Mantine
65%
Marill
65%
Medicham
65%
Meditite
65%
Mesprit
65%
Mime Jr.
65%
Mismagius
65%
Murkrow
65%
Pachirisu
65%
Pelipper
65%
Probopass
65%
Quagsire
65%
Rampardos
65%
Remoraid
65%
Roselia
65%
Roserade
65%
Snorunt
65%
Togetic
65%
Tropius
65%
Weavile
65%
Whiscash
65%
Yanma
65%
Yanmega
65%
Blissey
60%
Drifblim
60%
Electabuzz
60%
Elekid
60%
Finneon
60%
Froslass
60%
Gastrodon
60%
Girafarig
60%
Glameow
60%
Hippopotas
60%
Hippowdon
60%
Honchkrow
60%
Lickilicky
60%
Magnezone
60%
Manaphy
60%
Mantyke
60%
Mothim
60%
Octillery
60%
Piloswine
60%
Purugly
60%
Rhydon
60%
Shieldon
60%
Skorupi
60%
Skuntank
60%
Sneasel
60%
Swinub
60%
Tangrowth
60%
Uxie
60%
Vespiquen
60%
Wormadam
60%
Azurill
55%
Cherubi
55%
Electivire
55%
Lumineon
55%
Rhyhorn
55%
Rhyperior
55%
Scizor
55%
Chimecho
50%
No matching quizzes found
Score Distribution
Percent of People with Each Score
Percentile by Number Answered
Your Score History
You have not taken this quiz